U.S. Cities by Arabic-Speaking Percent - Statistics

General Stats
  • This quiz has been taken 25 times
  • The average score is 9 of 20
Answer Stats
State Total Population % Arabic-Speaking City % Correct
MI 107,846 42.8% Dearborn
83%
MI 636,644 1.9% Detroit
74%
TN 684,298 1.8% Nashville
70%
NJ 289,691 3.8% Jersey City
65%
TX 394,769 1.5% Arlington
57%
MI 121,179 2.1% Ann Arbor
52%
MN 121,638 1.6% Rochester
52%
NY 209,529 1.5% Yonkers
52%
VA 156,788 2.1% Alexandria
48%
MI 133,473 8.5% Sterling Heights
48%
NY 146,211 1.5% Syracuse
48%
CA 308,160 2.4% Irvine
43%
TN 157,547 1.7% Murfreesboro
43%
NJ 157,660 2.2% Paterson
39%
MI 138,128 2.7% Warren
39%
CA 104,909 10.3% El Cajon
35%
LA 138,995 1.5% Metairie
26%
CA 174,693 1.9% Rancho Cucamonga
26%
CA 158,839 2.2% Corona
22%
TX 118,269 2.3% Richardson
22%
No matching quizzes found
Score Distribution
Percent of People with Each Score
Percentile by Number Answered
Your Score History
You have not taken this quiz